| 000 | 01216naa a22003257a 4500 | ||
|---|---|---|---|
| 001 | BR9507038 | ||
| 003 | BR-BrBNA | ||
| 005 | 20240918181341.0 | ||
| 007 | ta | ||
| 008 | 230509b bl.||||| |||| 00| 0 por d | ||
| 040 |
_aBR-BrBNA _bpor _cBiblioteca Nacional de Agricultura |
||
| 041 | _a(Pt) | ||
| 072 |
_aF06; P11 _b0180 _b0150 |
||
| 090 | _aF06 BR9507038 | ||
| 100 | 1 | _aCalheiros, R. de O. | |
| 100 | 1 | _aFaria, R.T. de | |
| 100 | 1 | _aMachado, P. | |
| 111 | 1 |
_a9. Congresso Nacional de Irrigacao e Drenagem _cNatal, RN (Brazil) _d25-29 Nov 1991 |
|
| 245 | 1 | _aExploracao da cultura do trigo (Triticum aestivum, L.)em sucessao ao arroz em solo glei pouco humico | |
| 260 | 3 |
_aFortaleza, CE (Brasil): _c1992. |
|
| 500 | _a9. Congresso Nacional de Irrigacao e Drenagem. Anais. Tema 1: aspectos legais Fortaleza, CE (Brasil): 1992. v. 1(2)p. 683-700 (BR9507038-AM)F06 | ||
| 650 | _aTrigo | ||
| 650 | _aArroz | ||
| 650 | _aFenotipo | ||
| 650 | _aDrenagem | ||
| 650 | _aIrrigacao | ||
| 773 | 0 |
_t9. Congresso Nacional de Irrigacao e Drenagem. Anais. Tema 1: aspectos legais _wF06 BR9507038 _gFortaleza, CE (Brasil), 1992. v. 1(2)p. 683-700 |
|
| 909 |
_a202404 _bLucia _c55 _dLucia Elande |
||
| 942 |
_cAM _2AGRIS |
||
| 999 |
_c324878 _d324878 |
||